The Role of the community school in rural transformation in developing countries : (Record no. 136867)

MARC details
000 -CABECERA
campo de control de longitud fija 00798nam a2200217 a 4500
005 - FECHA Y HORA DE LA ÚLTIMA TRANSACCIÓN
campo de control 20210223130753.0
008 - ELEMENTOS DE LONGITUD FIJA--INFORMACIÓN GENERAL
campo de control de longitud fija 081103s1986 mx r 000 0 spa d
035 ## - NÚMERO DE CONTROL DEL SISTEMA
Número de control de sistema UPN01000164755
049 ## - COLECCIÓN
Colección UNE
080 ## - NÚMERO DE CLASIFICACIÓN DECIMAL UNIVERSAL
Número de la Clasificación Decimal Universal 37.062/. 063 (-77)=20 DOV No.169.
100 1# - ASIENTO PRINCIPAL--NOMBRE PERSONAL
Nombre de persona Dove, Linda A.
245 14 - MENCIÓN DE TÍTULO
Título The Role of the community school in rural transformation in developing countries :
Resto del título Aids to programing unicef assistance to education /
Mención de responsabilidad, etc. by Linda A. Dove.
260 ## - PUBLICACIÓN, DISTRIBUCIÓN, ETC.
Lugar de publicación, distribución, etc. París :
Nombre del editor, distribuidor, etc. UNESCO;
Lugar de publicación, distribución, etc. New York :
Nombre del editor, distribuidor, etc. UNICEF,
Fecha de publicación, distribución, etc. 1986.
300 ## - DESCRIPCIÓN FÍSICA
Extensión 22 p.
440 #0 - MENCIÓN DE SERIE/ASIENTO SECUNDARIO--TÍTULO
Título Notes, comments... ;
Designación de volumen o secuencia 169
690 ## - PUNTO DE ACCESO ADICIONAL DE MATERIA LOCAL--TÉRMINO DE MATERIA (OCLC, RLIN)
Término de materia o nombre geográfico como elemento inicial Relacion escuela-comunidad - Paises en desarrollo
690 ## - PUNTO DE ACCESO ADICIONAL DE MATERIA LOCAL--TÉRMINO DE MATERIA (OCLC, RLIN)
Término de materia o nombre geográfico como elemento inicial Escuelas comunitarias - Paises en desarrollo
710 2# - ASIENTO SECUNDARIO - NOMBRE CORPORATIVO
Nombre de entidad corporativa o nombre de jurisdicción como elemento de entrada UNICEF
9 (RLIN) 24085
710 2# - ASIENTO SECUNDARIO - NOMBRE CORPORATIVO
Nombre de entidad corporativa o nombre de jurisdicción como elemento de entrada Programa de Alimentación Mundial
905 ## - TIPO DE MATERIAL
Tipo de material UNESCO
Holdings
Estado de retiro Estado de pérdida Fuente del sistema de clasificación o colocación Estado dañado No para préstamo Código de colección Localización permanente Ubicación/localización actual Ubicación en estantería Fecha de adquisición Clasificación Código de barras Fecha visto por última vez Número de copia Tipo de ítem Koha
    Library of Congress Classification   Disponible (Préstamo en sala) UNESCO Bib. Gregorio Torres Quintero Bib. Gregorio Torres Quintero Colecciones especiales Planta alta 03/02/2023 37. 062/. 063 (-77) =20 DOV No. 169 U6127 31/12/2020 1 Libro